Comentarios a la Reforma de Seguridad Social / (Registro nro. 6012)

Detalles MARC
000 -LEADER
fixed length control field 01184nam a2200265Ia 4500
003 - CONTROL NUMBER IDENTIFIER
control field OSt
005 - DATE AND TIME OF LATEST TRANSACTION
control field 20200819174631.0
008 - FIXED-LENGTH DATA ELEMENTS--GENERAL INFORMATION
fixed length control field 191128s1994 ck gr 000 0 spa d
020 ## - INTERNATIONAL STANDARD BOOK NUMBER
International Standard Book Number 9589276822
040 ## - CATALOGING SOURCE
Original cataloging agency Co-JMCR
Transcribing agency Co-JMCR
041 0# - LANGUAGE CODE
Language code of text/sound track or separate title spa
082 04 - DEWEY DECIMAL CLASSIFICATION NUMBER
Classification number 368.4 /
Item number J371c
Edition number 23
100 1# - MAIN ENTRY--PERSONAL NAME
Personal name Jaramillo Pérez, Iván,
Relator term autor
9 (RLIN) 8952
245 10 - TITLE STATEMENT
Title Comentarios a la Reforma de Seguridad Social /
Statement of responsibility, etc. Iván Jaramillo Pérez, Luis Fernando Ramírez Acuña, José Roberto Herrera Vergara, [y otros 3]
250 ## - EDITION STATEMENT
Edition statement Primera edición
260 ## - PUBLICATION, DISTRIBUTION, ETC.
Place of publication, distribution, etc. Bogotá :
Name of publisher, distributor, etc. Ediciones Rosaristas ; Biblioteca Jurídica Dike
Date of publication, distribution, etc. 1994.
300 ## - PHYSICAL DESCRIPTION
Extent 191 páginas ;
Dimensions 24 cm.
490 0# - SERIES STATEMENT
Series statement Biblioteca juridica Dick
505 0# - FORMATTED CONTENTS NOTE
Formatted contents note La ley 100 de 1993 y la nueva seguridad social en salud -- Papel del estado en la reforma a la seguridad social -- Campo de aplicación y régimen de transición del sistema de pensiones -- Vejez en el instituto de los seguros sociales -- Impacto macroeconóm
650 24 - SUBJECT ADDED ENTRY--TOPICAL TERM
Topical term or geographic name entry element Seguridad social
9 (RLIN) 6217
650 24 - SUBJECT ADDED ENTRY--TOPICAL TERM
Topical term or geographic name entry element Ley 100
General subdivision Reforma
9 (RLIN) 8953
700 1# - ADDED ENTRY--PERSONAL NAME
Personal name Ramírez Acuña, Luis Fernando,
Relator term autor
9 (RLIN) 8954
700 1# - ADDED ENTRY--PERSONAL NAME
Personal name Herrera Vergara, José Roberto,
Relator term autor
9 (RLIN) 8955
942 ## - ADDED ENTRY ELEMENTS (KOHA)
Source of classification or shelving scheme Dewey Decimal Classification
Koha item type Books
Existencias
Withdrawn status Lost status Source of classification or shelving scheme Materials specified (bound volume or other part) Damaged status Not for loan Home library Current library Shelving location Date acquired Source of acquisition Full call number Barcode Date last seen Copy number Price effective from Koha item type
    Dewey Decimal Classification Donación--15/04/2018--     Biblioteca Pública José María del Castillo y Rada Biblioteca Pública José María del Castillo y Rada General Stacks 11/28/2019 Donación 368.4 / J371c 430011361 05/16/2024 Ej.1 11/28/2019 Books